[Event "Cappelle-la-Grande"]
[Site "Cappelle-la-Grande (FRA)"]
[Date "2013.03.01"]
[Round "8.52"]
[White "Cieza, Arcadio"]
[Black "Bailet, Pierre"]
[Result "0-1"]
[WhiteElo "2188"]
[BlackElo "2440"]
[PlyCount "96"]
[EventDate "2013.??.??"]

1. b3 Nf6 2. Bb2 d6 3. d4 g6 4. Nd2 Bg7 5. e4 O-O 6. Ngf3 Nbd7 7. e5 Nd5 8. g3
c5 9. Bc4 N7b6 10. O-O cxd4 11. Bxd4 Nxc4 12. Nxc4 Bg4 13. Qe2 b5 14. Ne3 Bxf3
15. Qxf3 dxe5 16. Bc5 e4 17. Qxe4 Nxe3 18. Qxe3 Bxa1 19. Rxa1 Re8 20. Re1 e5
21. h4 Qd5 22. a3 a5 23. b4 axb4 24. Bxb4 Rac8 25. c3 Rcd8 26. Qb6 Re6 27. Qa7
h5 28. Qe3 Kg7 29. Qg5 Rd7 30. Qe3 Re8 31. Qg5 Qf3 32. Qe3 Qxe3 33. Rxe3 f6 34.
Kg2 Red8 35. Re2 Kf7 36. Rc2 e4 37. c4 Rc8 38. c5 Rc6 39. Kf1 Rd3 40. Ke2 g5
41. hxg5 fxg5 42. Rc1 h4 43. gxh4 gxh4 44. Kf1 Rf3 45. Ke2 h3 46. Rh1 Rg6 47.
Rd1 h2 48. Rd7+ Kg8 0-1

[Event "Cappelle-la-Grande"]
[Site "Cappelle-la-Grande (FRA)"]
[Date "2013.03.01"]
[Round "8.53"]
[White "Harazinska, Ewa"]
[Black "Dumitrache, Dragos-Nicolae"]
[Result "0-1"]
[WhiteElo "2019"]
[BlackElo "2440"]
[PlyCount "74"]
[EventDate "2013.??.??"]

1. d4 Nf6 2. c4 c5 3. d5 g6 4. Nc3 d6 5. e4 Bg7 6. Be2 O-O 7. f4 e6 8. dxe6
Bxe6 9. Nf3 Nc6 10. Be3 Qb6 11. b3 Rfe8 12. Rc1 Rad8 13. Qd2 Bg4 14. h3 Bc8 15.
Bd3 Nb4 16. Bb1 a6 17. O-O Qa5 18. Qf2 Nc6 19. Rfe1 Ng4 20. hxg4 Bxc3 21. Rxc3
Qxc3 22. Bc1 Bxg4 23. Bb2 Qa5 24. Bf6 Bxf3 25. gxf3 Re6 26. Bxd8 Qxd8 27. Qg3
Qf6 28. Kg2 Kh8 29. Kh3 Qc3 30. Qf2 Nd4 31. Re3 Qc1 32. Bd3 Kg7 33. Kg2 Kh8 34.
Bf1 Rf6 35. e5 dxe5 36. Rxe5 Qxf4 37. Rxc5 Nxf3 0-1

[Event "Cappelle-la-Grande"]
[Site "Cappelle-la-Grande (FRA)"]
[Date "2013.03.01"]
[Round "8.54"]
[White "Gayon, Benoit"]
[Black "Mateo, Ramon"]
[Result "0-1"]
[WhiteElo "1971"]
[BlackElo "2427"]
[PlyCount "64"]
[EventDate "2013.??.??"]

1. e4 c5 2. Nf3 e6 3. d4 cxd4 4. Nxd4 a6 5. c4 Nf6 6. Bd3 Qc7 7. O-O Bc5 8. Nb3
Be7 9. Nc3 d6 10. Be3 Nbd7 11. f4 b6 12. a4 Bb7 13. a5 Rc8 14. axb6 Nxb6 15.
Na5 Ba8 16. Na4 Nbd7 17. Nc3 Nc5 18. Bxc5 Qxc5+ 19. Kh1 O-O 20. Nb3 Qc6 21. Nd4
Qb6 22. e5 dxe5 23. fxe5 Nd7 24. Na4 Qb7 25. Qc2 Nxe5 26. Bxh7+ Kh8 27. b3 g6
28. Nxe6 fxe6 29. Bxg6 Rg8 30. Qb2 Rxg6 31. Qxe5+ Bf6 32. Qh5+ Kg7 0-1

[Event "Cappelle-la-Grande"]
[Site "Cappelle-la-Grande (FRA)"]
[Date "2013.03.01"]
[Round "8.55"]
[White "Song, Julien"]
[Black "Hadet, Emmanuel"]
[Result "1-0"]
[WhiteElo "2422"]
[BlackElo "1959"]
[PlyCount "131"]
[EventDate "2013.??.??"]

1. d4 Nf6 2. c4 e6 3. Nf3 Nc6 4. a3 d6 5. Nc3 g6 6. Bg5 Bg7 7. e3 h6 8. Bh4 Ne7
9. Be2 Nf5 10. Bxf6 Qxf6 11. Nb5 Qd8 12. e4 Ne7 13. O-O O-O 14. Qc2 a6 15. Nc3
c5 16. Rad1 cxd4 17. Nxd4 Qc7 18. Qd2 Rd8 19. Nf3 Nc6 20. b4 b6 21. Rc1 Bb7 22.
Qe3 Rab8 23. Rfd1 Ne7 24. h4 a5 25. Nd4 axb4 26. axb4 Ba8 27. Ndb5 Qc6 28. Bf1
Rd7 29. f3 Rbd8 30. Na4 Nc8 31. Nbc3 Qb7 32. Rd2 Qb8 33. Rcd1 Bc6 34. b5 Ba8
35. f4 Qb7 36. Be2 Qc7 37. h5 gxh5 38. Qh3 d5 39. exd5 exd5 40. cxd5 Qxf4 41.
Bxh5 Re7 42. Qf3 Qh4 43. g3 Qg5 44. Ne4 Qe5 45. Nec3 Qg5 46. Re2 Rde8 47. Bxf7+
Rxf7 48. Rxe8+ Bf8 49. Qd3 Qg4 50. Rf1 Rxf1+ 51. Kxf1 Kg7 52. Ne4 Qf5+ 53. Nf2
Qf7 54. Rxc8 Bxd5 55. Nxb6 Bb7 56. Rxf8 Kxf8 57. Qd8+ Kg7 58. Qd7 Qxd7 59. Nxd7
Kg6 60. Nc5 Bf3 61. b6 Kf5 62. b7 Bxb7 63. Nxb7 h5 64. Kg2 h4 65. g4+ Kf4 66.
Kh3 1-0

[Event "Cappelle-la-Grande"]
[Site "Cappelle-la-Grande (FRA)"]
[Date "2013.03.01"]
[Round "8.56"]
[White "Sgircea, Silvia-Raluca"]
[Black "Kurajica, Bojan"]
[Result "0-1"]
[WhiteElo "2263"]
[BlackElo "2539"]
[PlyCount "92"]
[EventDate "2013.??.??"]

1. Nf3 Nf6 2. c4 b6 3. g3 Bb7 4. Bg2 e5 5. d3 Qe7 6. O-O g6 7. Nc3 Bg7 8. e4
O-O 9. Re1 c6 10. d4 d6 11. h3 Nbd7 12. Be3 Rfe8 13. Rc1 a6 14. dxe5 dxe5 15.
c5 Nxc5 16. Bxc5 bxc5 17. Na4 Nd7 18. h4 Bc8 19. Rc3 Rb8 20. Qc2 Bf8 21. Nd2
Rb4 22. Nc4 Nf6 23. b3 Rd8 24. Nab2 Rb8 25. Nd3 Nd7 26. Ncb2 Rb5 27. Na4 a5 28.
Bf1 Kg7 29. Rc1 Nf6 30. Ndxc5 Rb4 31. Bc4 Qa7 32. Nd3 Rxa4 33. bxa4 Nxe4 34.
Nxe5 Rd2 35. Qxd2 Nxd2 36. Nxc6 Qb6 37. Bd5 Bf5 38. Bg2 Ne4 39. Bxe4 Bxe4 40.
Ne5 Qe6 41. Nf3 h6 42. Re3 Qd5 43. Ne1 Qd4 44. Nf3 Qxa4 45. Ne5 Bd5 46. Re2 Qd4
0-1

[Event "Cappelle-la-Grande"]
[Site "Cappelle-la-Grande (FRA)"]
[Date "2013.03.01"]
[Round "8.100"]
[White "Hashimoto, Azumi"]
[Black "Haast, Anne"]
[Result "0-1"]
[WhiteElo "1499"]
[BlackElo "2268"]
[PlyCount "70"]
[EventDate "2013.??.??"]

1. d4 Nf6 2. c4 c5 3. d5 b5 4. cxb5 a6 5. bxa6 g6 6. Nf3 Bxa6 7. Nc3 d6 8. g3
Bg7 9. Bg2 Nfd7 10. Qc2 Nb6 11. Nd2 O-O 12. Rb1 Bb7 13. O-O N8d7 14. e4 e6 15.
Rd1 exd5 16. exd5 Nf6 17. Nf1 Re8 18. b3 Ng4 19. h3 Nxf2 20. Kxf2 Qf6+ 21. Kg1
Qxc3 22. Qxc3 Bxc3 23. a4 Bd4+ 24. Kh1 Re2 25. Bf4 Bxd5 26. Bxd5 Nxd5 27. Bd2
Re7 28. Rdc1 Rb7 29. Be1 Rab8 30. Nd2 Nc3 31. Nc4 Nxb1 32. Rxb1 Rxb3 33. Rxb3
Rxb3 34. Bd2 d5 35. Nd6 Rb1+ 0-1

[Event "Cappelle-la-Grande"]
[Site "Cappelle-la-Grande (FRA)"]
[Date "2013.03.01"]
[Round "8.101"]
[White "Doluhanova, Evgeniya"]
[Black "Nouze, Nicolas"]
[Result "1-0"]
[WhiteElo "2266"]
[BlackElo "1536"]
[PlyCount "53"]
[EventDate "2013.??.??"]

1. e4 e5 2. Nf3 Nc6 3. d4 exd4 4. Nxd4 Nf6 5. Nxc6 dxc6 6. Qxd8+ Kxd8 7. Bg5
Be7 8. Nc3 h6 9. Bf4 Bb4 10. O-O-O+ Ke7 11. f3 Bxc3 12. bxc3 Be6 13. Bxc7 b5
14. Bd6+ Kd7 15. a3 Rhd8 16. Bf8+ Kc7 17. Bxg7 Ng8 18. Be5+ Kb6 19. Be2 a5 20.
Rd4 c5 21. Rd2 b4 22. cxb4 cxb4 23. Rxd8 Rxd8 24. axb4 axb4 25. Rd1 Rc8 26. Kb2
Rc5 27. Bd4 1-0

[Event "Cappelle-la-Grande"]
[Site "Cappelle-la-Grande (FRA)"]
[Date "2013.03.01"]
[Round "8.103"]
[White "Vedmediuc, Serghei"]
[Black "Delahaye, Frederick"]
[Result "1-0"]
[WhiteElo "2472"]
[BlackElo "1952"]
[PlyCount "45"]
[EventDate "2013.??.??"]

1. e4 c5 2. Nf3 d6 3. d4 cxd4 4. Nxd4 Nf6 5. Nc3 a6 6. Be3 e5 7. Nb3 Be7 8. f3
h5 9. Qd2 Be6 10. Nd5 Nxd5 11. exd5 Bc8 12. O-O-O b6 13. Kb1 Nd7 14. Be2 Bb7
15. f4 Qc7 16. Rhf1 O-O-O 17. fxe5 Nxe5 18. Qb4 Nd7 19. Rxf7 Bf6 20. Bd3 Rhf8
21. Rxf8 Rxf8 22. Bf5 Be5 23. Bxb6 1-0

[Event "Cappelle-la-Grande"]
[Site "Cappelle-la-Grande (FRA)"]
[Date "2013.03.01"]
[Round "8.104"]
[White "Sobecki, Damien"]
[Black "Sepp, Olav"]
[Result "0-1"]
[WhiteElo "1951"]
[BlackElo "2453"]
[PlyCount "52"]
[EventDate "2013.??.??"]

1. e4 e5 2. Nf3 Nc6 3. d4 exd4 4. Bc4 Nf6 5. O-O Nxe4 6. Re1 d5 7. Bxd5 Qxd5 8.
Nc3 Qh5 9. Nxe4 Be6 10. Neg5 O-O-O 11. Nxe6 fxe6 12. Bg5 Rd7 13. Rxe6 Bd6 14.
Qd2 Rf8 15. Re4 Rxf3 16. Rh4 Qg6 17. gxf3 h6 18. Rg4 hxg5 19. h4 Ne5 20. Rg3
Qf5 21. Kg2 gxh4 22. Qg5 Qxc2 23. Qxh4 Ng6 24. Qg4 Bxg3 25. Kxg3 Ne5 26. Qe6
Qg6+ 0-1

[Event "Cappelle-la-Grande"]
[Site "Cappelle-la-Grande (FRA)"]
[Date "2013.03.01"]
[Round "8.106"]
[White "Massoni, Michael"]
[Black "Degremont, Patrick"]
[Result "1-0"]
[WhiteElo "2395"]
[BlackElo "1949"]
[PlyCount "31"]
[EventDate "2013.??.??"]

1. e4 e6 2. Nf3 d5 3. Nc3 Nf6 4. e5 Nfd7 5. d4 c5 6. dxc5 Bxc5 7. Bd3 a6 8. a3
Nc6 9. Bf4 Qb6 10. O-O Qc7 11. Bg3 Be7 12. Re1 g5 13. Nxd5 Qd8 14. Nxe7 Qxe7
15. Nd2 b5 16. a4 1-0

[Event "Cappelle-la-Grande"]
[Site "Cappelle-la-Grande (FRA)"]
[Date "2013.03.01"]
[Round "8.113"]
[White "Boric, Elena"]
[Black "Decellier, Patrick"]
[Result "1-0"]
[WhiteElo "2273"]
[BlackElo "1917"]
[PlyCount "39"]
[EventDate "2013.??.??"]

1. e4 e6 2. d4 d5 3. Nd2 Nf6 4. Bd3 c5 5. e5 Nfd7 6. c3 Nc6 7. Ne2 Qb6 8. Nf3
cxd4 9. cxd4 f6 10. exf6 Nxf6 11. O-O Bd6 12. a3 O-O 13. b4 Bd7 14. Bf4 Bxf4
15. Nxf4 Ne4 16. g3 Qd8 17. b5 Nxd4 18. Nxd4 e5 19. Nde6 Qb6 20. Nxf8 1-0

[Event "Cappelle-la-Grande"]
[Site "Cappelle-la-Grande (FRA)"]
[Date "2013.03.01"]
[Round "8.116"]
[White "Van Steenkiste, Luc"]
[Black "Fantin, Ludwig"]
[Result "0-1"]
[WhiteElo "1876"]
[BlackElo "2249"]
[PlyCount "60"]
[EventDate "2013.??.??"]

1. d4 d5 2. e4 dxe4 3. Nc3 Nf6 4. f3 exf3 5. Nxf3 Bg4 6. h3 Bh5 7. g4 Bg6 8.
Ne5 Nfd7 9. Nxg6 hxg6 10. Qf3 Nc6 11. Be3 e6 12. O-O-O a6 13. d5 Nce5 14. Qg2
exd5 15. Nxd5 Bd6 16. Qe2 O-O 17. g5 Re8 18. h4 c6 19. Nc3 Qe7 20. Rh3 Bc5 21.
Bf4 Qe6 22. Qh2 Ng4 23. Qg3 Nf2 24. Rd2 Nxh3 25. Re2 Nxf4 26. Rxe6 Rxe6 27. Bc4
Re7 28. Kd1 Ne5 29. Qxf4 Nxc4 30. Qxc4 Rd8+ 0-1

[Event "Cappelle-la-Grande"]
[Site "Cappelle-la-Grande (FRA)"]
[Date "2013.03.01"]
[Round "8.123"]
[White "Guedon, Stephane"]
[Black "Colandrea, Sauveur"]
[Result "1-0"]
[WhiteElo "2212"]
[BlackElo "1817"]
[PlyCount "59"]
[EventDate "2013.??.??"]

1. d4 d6 2. e4 e5 3. Nf3 Nf6 4. Nc3 Nbd7 5. g3 g6 6. Bg2 Bg7 7. h3 O-O 8. O-O
c6 9. a4 a5 10. Re1 Re8 11. Be3 Qc7 12. d5 cxd5 13. exd5 Nc5 14. Nb5 Qd8 15.
Nd2 Re7 16. Nc4 Ne8 17. Ncxd6 Nxd6 18. Bxc5 Rd7 19. Nxd6 Rxd6 20. Bxd6 Qxd6 21.
Qd2 b6 22. c3 Bd7 23. b4 axb4 24. cxb4 Bxa4 25. Bf1 Bc6 26. dxc6 Qxd2 27. Rxa8+
Bf8 28. c7 Qxe1 29. c8=Q Qxb4 30. Qe8 1-0

[Event "Cappelle-la-Grande"]
[Site "Cappelle-la-Grande (FRA)"]
[Date "2013.03.01"]
[Round "8.128"]
[White "Kieffer, Christian"]
[Black "Paulicka, Ivan"]
[Result "1-0"]
[WhiteElo "2152"]
[BlackElo "1806"]
[PlyCount "37"]
[EventDate "2013.??.??"]

1. e4 e5 2. Nf3 Nc6 3. Nc3 Nf6 4. Bb5 Bb4 5. O-O Bxc3 6. bxc3 O-O 7. d3 d6 8.
h3 h6 9. Qe2 Bd7 10. a4 a6 11. Bc4 Na5 12. Ba2 Qe8 13. Nh4 Kh7 14. f4 b6 15.
Bd2 Bxa4 16. fxe5 dxe5 17. Rxf6 gxf6 18. Qh5 Rh8 19. Bxf7 1-0

[Event "Cappelle-la-Grande"]
[Site "Cappelle-la-Grande (FRA)"]
[Date "2013.03.01"]
[Round "8.131"]
[White "Lucas, Jean"]
[Black "Vrublevskaya, Olga"]
[Result "0-1"]
[WhiteElo "1767"]
[BlackElo "2132"]
[PlyCount "78"]
[EventDate "2013.??.??"]

1. e4 c5 2. d4 cxd4 3. c3 dxc3 4. Nxc3 Nc6 5. Nf3 d6 6. Bc4 a6 7. O-O Nf6 8.
Bf4 Bg4 9. h3 Bh5 10. g4 Bg6 11. Nh4 e6 12. Qe2 Nxe4 13. Nxg6 Nxc3 14. Qc2 hxg6
15. Qxc3 Qf6 16. Qg3 Qh4 17. Kg2 Qxg3+ 18. Bxg3 Be7 19. Rad1 d5 20. Be2 g5 21.
f4 gxf4 22. Bxf4 Bf6 23. b3 Be5 24. Be3 O-O 25. Bf3 Rfc8 26. Bb6 Nb4 27. Rf2
Rc6 28. Bd4 Bxd4 29. Rxd4 a5 30. a3 Nc2 31. Rdd2 Nxa3 32. Ra2 Nb5 33. b4 a4 34.
Rfc2 Rxc2+ 35. Rxc2 a3 36. Ra2 Ra4 37. Be2 Nc3 38. Rc2 Nxe2 39. Rxe2 a2 0-1

[Event "Cappelle-la-Grande"]
[Site "Cappelle-la-Grande (FRA)"]
[Date "2013.03.01"]
[Round "8.134"]
[White "Carlier, Guillaume"]
[Black "Caloone, Thomas"]
[Result "0-1"]
[WhiteElo "2117"]
[BlackElo "1756"]
[PlyCount "47"]
[EventDate "2013.??.??"]

1. e4 e5 2. d4 exd4 3. Qxd4 Nc6 4. Qe3 b6 5. Nc3 Bc5 6. Qg3 Nf6 7. Bg5 h6 8.
Qh4 Bd4 9. Nge2 O-O 10. Nxd4 hxg5 11. Nxc6 gxh4 12. Nxd8 Rxd8 13. f3 Bb7 14.
O-O-O d5 15. e5 Nd7 16. Nxd5 Nxe5 17. Nxc7 Rxd1+ 18. Kxd1 Rc8 19. Nb5 Nxf3 20.
Kc1 Ne1 21. Nd6 Rxc2+ 22. Kb1 Rd2 23. Be2 Rxe2 24. Nxb7 0-1

[Event "Cappelle-la-Grande"]
[Site "Cappelle-la-Grande (FRA)"]
[Date "2013.03.01"]
[Round "8.146"]
[White "Damarez, Philippe"]
[Black "Lenaerts, Lennert"]
[Result "0-1"]
[WhiteElo "1663"]
[BlackElo "2080"]
[PlyCount "52"]
[EventDate "2013.??.??"]

1. e4 e5 2. Nc3 Nc6 3. d3 Bc5 4. Be3 Bxe3 5. fxe3 Nf6 6. Nf3 d5 7. exd5 Nxd5 8.
Nxd5 Qxd5 9. e4 Qd6 10. Qd2 h6 11. Be2 Bg4 12. a3 Bxf3 13. Bxf3 Nd4 14. O-O-O
a5 15. Kb1 c5 16. c3 Nb3 17. Qe2 a4 18. Qf2 O-O 19. Rhf1 b5 20. Bh5 Ra7 21. Qg3
b4 22. Rf5 bxa3 23. bxa3 Rb7 24. Ka2 Qb6 25. Qe3 Nd2 26. Qxd2 Qb3+ 0-1

[Event "Cappelle-la-Grande"]
[Site "Cappelle-la-Grande (FRA)"]
[Date "2013.03.01"]
[Round "8.151"]
[White "Geene, Joris"]
[Black "Vandervorst, Jean-Marc"]
[Result "1/2-1/2"]
[WhiteElo "1630"]
[BlackElo "2037"]
[PlyCount "53"]
[EventDate "2013.??.??"]

1. e4 b6 2. d4 e6 3. f4 Bb7 4. Nd2 c5 5. c3 Nf6 6. Bd3 Nc6 7. Ngf3 cxd4 8. cxd4
Nb4 9. Bb1 Qc7 10. a3 Nc6 11. O-O Qxf4 12. Nc4 Qg4 13. d5 Bc5+ 14. Be3 Bxe3+
15. Nxe3 Qf4 16. Nc4 Na5 17. Nfe5 Qg5 18. Nd6+ Ke7 19. Ndxf7 Qe3+ 20. Kh1 Rhf8
21. dxe6 d5 22. Ba2 Nxe4 23. Bxd5 Rad8 24. Bxe4 Rxd1 25. Raxd1 Qxe4 26. Rd7+
Kxe6 27. Rd6+ 1/2-1/2

[Event "Cappelle-la-Grande"]
[Site "Cappelle-la-Grande (FRA)"]
[Date "2013.03.01"]
[Round "8.155"]
[White "Jensen, Leif"]
[Black "Benkirane, Nabil"]
[Result "1-0"]
[WhiteElo "2013"]
[BlackElo "1566"]
[PlyCount "57"]
[EventDate "2013.??.??"]

1. e4 e5 2. Nc3 Nf6 3. f4 d5 4. fxe5 Nxe4 5. Nf3 Bf5 6. d3 Nxc3 7. bxc3 c5 8.
Be2 Be7 9. O-O O-O 10. h3 Nc6 11. Bf4 f6 12. Qe1 fxe5 13. Nxe5 Nxe5 14. Bxe5
Bd6 15. Qg3 Bxe5 16. Qxe5 Qd7 17. Bf3 Rad8 18. Rae1 Rf7 19. c4 dxc4 20. dxc4
Kh8 21. Bxb7 Bxc2 22. Rxf7 Qxf7 23. Bd5 Qd7 24. Qe7 h5 25. Qxc5 Qa4 26. Qe7 Rb8
27. Qe5 Rf8 28. Qxh5+ Bh7 29. Be4 1-0

[Event "Cappelle-la-Grande"]
[Site "Cappelle-la-Grande (FRA)"]
[Date "2013.03.01"]
[Round "8.159"]
[White "Sturc, Gustav"]
[Black "Szczerbinski, Dominik"]
[Result "1-0"]
[WhiteElo "1992"]
[BlackElo "1540"]
[PlyCount "55"]
[EventDate "2013.??.??"]

1. e4 d6 2. d4 Nf6 3. Bd3 g6 4. f4 Bg7 5. c3 e5 6. Nf3 Nbd7 7. fxe5 dxe5 8.
dxe5 Nc5 9. Bb5+ Bd7 10. exf6 Bxf6 11. Bxd7+ Nxd7 12. O-O Qe7 13. Qa4 Qc5+ 14.
Kh1 O-O-O 15. Qb4 Qh5 16. Be3 Ne5 17. Nbd2 Ng4 18. Bg1 Rd3 19. Qc5 Be5 20. Nxe5
Nxe5 21. Nf3 Re8 22. Nxe5 Rxe5 23. Qf8+ Rd8 24. Qxf7 Qe2 25. Bd4 Rg5 26. Qf3
Qxf3 27. Rxf3 Rg4 28. Re1 1-0

[Event "Cappelle-la-Grande"]
[Site "Cappelle-la-Grande (FRA)"]
[Date "2013.03.01"]
[Round "8.177"]
[White "Duverne, Jean-Marie"]
[Black "Verriere, Nicolas"]
[Result "1-0"]
[WhiteElo "2130"]
[BlackElo "1736"]
[PlyCount "55"]
[EventDate "2013.??.??"]

1. e4 c5 2. Nf3 d6 3. c3 Nf6 4. Be2 Bd7 5. e5 Nd5 6. d4 cxd4 7. cxd4 Nc6 8. O-O
e6 9. exd6 Bxd6 10. Nc3 Nxc3 11. bxc3 O-O 12. Bd3 Qc7 13. Re1 Rac8 14. Ng5 h6
15. Nh7 Rfd8 16. Qh5 Bf8 17. Bxh6 gxh6 18. Re3 f5 19. Qg6+ Bg7 20. Rg3 Be8 21.
Nf6+ Kf8 22. Qh7 Qxg3 23. hxg3 Bxf6 24. Qxh6+ Ke7 25. Re1 Kf7 26. g4 Ne7 27. g5
Bg7 28. Qxe6+ 1-0

[Event "Cappelle-la-Grande"]
[Site "Cappelle-la-Grande (FRA)"]
[Date "2013.03.01"]
[Round "8.185"]
[White "Hawia, Thierry"]
[Black "Perche, Louis"]
[Result "1-0"]
[WhiteElo "2041"]
[BlackElo "1703"]
[PlyCount "47"]
[EventDate "2013.??.??"]

1. e4 c5 2. Nf3 d6 3. d4 cxd4 4. Nxd4 Nf6 5. Nc3 a6 6. Bg5 e6 7. f4 Qc7 8. Bxf6
gxf6 9. Qh5 Bd7 10. f5 Qc5 11. O-O-O b5 12. Qf3 Qe5 13. g3 Nc6 14. Nce2 Rc8 15.
Bh3 Ke7 16. Rhe1 Nxd4 17. Nxd4 Rc4 18. Qd3 Bh6+ 19. Kb1 Qc5 20. fxe6 fxe6 21.
Re2 e5 22. Nf5+ Bxf5 23. exf5 Rd4 24. Qxd4 1-0

[Event "Cappelle-la-Grande"]
[Site "Cappelle-la-Grande (FRA)"]
[Date "2013.03.01"]
[Round "8.186"]
[White "Cesar, Geovanny"]
[Black "Foucque, Patrice"]
[Result "1-0"]
[WhiteElo "2040"]
[BlackElo "1675"]
[PlyCount "39"]
[EventDate "2013.??.??"]

1. d4 Nf6 2. c4 e6 3. Nc3 d5 4. Bg5 Nbd7 5. h3 b6 6. cxd5 exd5 7. e3 Be7 8. Nf3
Bb7 9. Bb5 O-O 10. O-O h6 11. Bh4 Rc8 12. Qa4 c6 13. Bd3 b5 14. Qb3 Re8 15.
Rac1 a5 16. Bb1 Nb6 17. Qc2 Nbd7 18. Ne5 g5 19. Nxf7 Kxf7 20. Qg6+ 1-0

[Event "Cappelle-la-Grande"]
[Site "Cappelle-la-Grande (FRA)"]
[Date "2013.03.01"]
[Round "8.187"]
[White "Lopez, Raphael"]
[Black "Czyz, Artur"]
[Result "0-1"]
[WhiteElo "1639"]
[BlackElo "2029"]
[PlyCount "20"]
[EventDate "2013.??.??"]

1. d4 Nf6 2. c4 g6 3. Nc3 Bg7 4. e4 d6 5. f3 O-O 6. Be3 e5 7. d5 Nh5 8. Qd2
Qh4+ 9. g3 Nxg3 10. Bf2 Nxf1 0-1

[Event "Cappelle-la-Grande"]
[Site "Cappelle-la-Grande (FRA)"]
[Date "2013.03.02"]
[Round "9.13"]
[White "Zhigalko, Andrey"]
[Black "Kiselev, Vitaliy"]
[Result "1/2-1/2"]
[WhiteElo "2588"]
[BlackElo "2517"]
[PlyCount "42"]
[EventDate "2013.??.??"]

1. c4 e6 2. Nc3 d5 3. d4 Nf6 4. cxd5 exd5 5. Bg5 Nbd7 6. e3 Be7 7. Bd3 O-O 8.
Nge2 Re8 9. O-O Nf8 10. b4 a6 11. a3 c6 12. Qc2 Be6 13. Na4 N6d7 14. Bf4 b5 15.
Nc5 Nxc5 16. dxc5 Bf6 17. Rad1 Qc8 18. h3 Ng6 19. Bd6 Nh4 20. Ng3 Bxh3 21. gxh3
Nf3+ 1/2-1/2

[Event "Cappelle-la-Grande"]
[Site "Cappelle-la-Grande (FRA)"]
[Date "2013.03.02"]
[Round "9.14"]
[White "Gurevich, Mikhail"]
[Black "Lalic, Bogdan"]
[Result "1-0"]
[WhiteElo "2581"]
[BlackElo "2478"]
[PlyCount "89"]
[EventDate "2013.??.??"]

1. c4 Nf6 2. g3 e6 3. Bg2 d5 4. Nf3 dxc4 5. Qa4+ Nbd7 6. Qxc4 c5 7. Qc2 Bd6 8.
O-O b6 9. Ne5 Nd5 10. Nc4 Be7 11. Nc3 Bb7 12. Nxd5 Bxd5 13. b3 Bxg2 14. Kxg2
O-O 15. Bb2 Bf6 16. Rfd1 Qc7 17. Kg1 Bxb2 18. Qxb2 e5 19. Rac1 Rfe8 20. d3 Re6
21. Nd2 a5 22. a3 Qd6 23. Rc4 h6 24. Rdc1 Qe7 25. Ne4 Nf6 26. Nxf6+ Qxf6 27. b4
cxb4 28. axb4 Qd8 29. R1c3 axb4 30. Rxb4 Qd5 31. Rcc4 Ra5 32. f3 b5 33. Rc8+
Kh7 34. Qc1 Ra4 35. Rc5 Rc6 36. Rbxb5 Qd4+ 37. Kg2 Ra2 38. Rxc6 Rxe2+ 39. Kh3
Qf2 40. Qh1 Qd4 41. Rb7 Qd5 42. Rcc7 Qe6+ 43. g4 h5 44. Rxf7 hxg4+ 45. Kg3 1-0

[Event "Cappelle-la-Grande"]
[Site "Cappelle-la-Grande (FRA)"]
[Date "2013.03.02"]
[Round "9.15"]
[White "Drasko, Milan"]
[Black "Danin, Alexandre"]
[Result "1/2-1/2"]
[WhiteElo "2459"]
[BlackElo "2578"]
[PlyCount "41"]
[EventDate "2013.??.??"]

1. Nf3 Nf6 2. g3 g6 3. Bg2 Bg7 4. d4 d5 5. O-O O-O 6. c4 c6 7. b3 dxc4 8. bxc4
c5 9. Bb2 Qb6 10. Qb3 Ne4 11. e3 Nc6 12. Ne5 Nd6 13. Nxc6 bxc6 14. dxc5 Qxc5
15. Bxg7 Kxg7 16. Nd2 Be6 17. Rfc1 Rfc8 18. Qc3+ Kg8 19. Nb3 Qxc4 20. Qa5 Qb5
21. Qxb5 1/2-1/2

[Event "Cappelle-la-Grande"]
[Site "Cappelle-la-Grande (FRA)"]
[Date "2013.03.02"]
[Round "9.17"]
[White "Flores Rios, Mauricio"]
[Black "Miezis, Normunds"]
[Result "1/2-1/2"]
[WhiteElo "2481"]
[BlackElo "2572"]
[PlyCount "89"]
[EventDate "2013.??.??"]

1. d4 Nf6 2. c4 e6 3. g3 Bb4+ 4. Bd2 Bxd2+ 5. Qxd2 d5 6. Nf3 O-O 7. Bg2 Ne4 8.
Qc2 Nc6 9. O-O Nd6 10. Nbd2 a5 11. Rac1 Bd7 12. a3 a4 13. e3 f6 14. Rfd1 Be8
15. cxd5 exd5 16. Ne1 Ra5 17. b4 axb3 18. Nxb3 Rxa3 19. Bxd5+ Bf7 20. Bxf7+
Rxf7 21. Nc5 Qa8 22. Nxb7 Nxd4 23. Rxd4 Qxb7 24. Rh4 g6 25. Rd4 Qa7 26. Nd3 Ra1
27. h4 Rxc1+ 28. Qxc1 Qa8 29. Nf4 Qf3 30. Ne6 Re7 31. Rf4 Qd5 32. Nc5 f5 33.
Rd4 Qc6 34. Rd1 Re5 35. Nd3 Qxc1 36. Rxc1 Re7 37. Nf4 Ne8 38. Rc6 Kf7 39. Nh3
Nd6 40. Nf4 Rd7 41. f3 Ne8 42. g4 fxg4 43. fxg4 Re7 44. Rc3 Nf6 45. g5 1/2-1/2

[Event "Cappelle-la-Grande"]
[Site "Cappelle-la-Grande (FRA)"]
[Date "2013.03.02"]
[Round "9.18"]
[White "Bailet, Pierre"]
[Black "Cornette, Matthieu"]
[Result "1/2-1/2"]
[WhiteElo "2440"]
[BlackElo "2567"]
[PlyCount "44"]
[EventDate "2013.??.??"]

1. d4 Nf6 2. c4 e6 3. Nf3 d5 4. Nc3 Bb4 5. Bg5 h6 6. Bxf6 Qxf6 7. e3 O-O 8. Rc1
dxc4 9. Bxc4 c5 10. dxc5 Bxc5 11. O-O Qe7 12. Ne4 Rd8 13. Qe2 Bb6 14. Rfd1 Bd7
15. Ne5 Nc6 16. Nxd7 Rxd7 17. Rxd7 Qxd7 18. Bb5 Rc8 19. Rd1 Qe7 20. Nd6 Rd8 21.
Bxc6 Rxd6 22. Bf3 Rxd1+ 1/2-1/2

[Event "Cappelle-la-Grande"]
[Site "Cappelle-la-Grande (FRA)"]
[Date "2013.03.02"]
[Round "9.19"]
[White "Malakhatko, Vadim"]
[Black "Glud, Jakob Vang"]
[Result "1/2-1/2"]
[WhiteElo "2565"]
[BlackElo "2514"]
[PlyCount "66"]
[EventDate "2013.??.??"]

1. g3 d5 2. Bg2 Nf6 3. d3 c6 4. f4 g6 5. Nf3 Bg7 6. O-O O-O 7. c3 Nbd7 8. Kh1
Re8 9. d4 Ne4 10. e3 b6 11. Qa4 b5 12. Qc2 a5 13. Nbd2 Nxd2 14. Nxd2 Nf6 15. e4
dxe4 16. Nxe4 Bf5 17. Qe2 Nxe4 18. Bxe4 Bxe4+ 19. Qxe4 Qd5 20. Qxd5 cxd5 21. a4
b4 22. Bd2 bxc3 23. bxc3 Rec8 24. Rfb1 Rc4 25. Kg2 e6 26. Kf1 Bf6 27. Ke2 h5
28. h3 Kg7 29. Kd3 Bd8 30. Rb5 Rac8 31. g4 hxg4 32. hxg4 Kf6 33. Rf1 Rxa4
1/2-1/2

[Event "Cappelle-la-Grande"]
[Site "Cappelle-la-Grande (FRA)"]
[Date "2013.03.02"]
[Round "9.20"]
[White "Le Roux, Jean-Pierre"]
[Black "Indjic, Aleksandar"]
[Result "1/2-1/2"]
[WhiteElo "2564"]
[BlackElo "2502"]
[PlyCount "66"]
[EventDate "2013.??.??"]

1. d4 Nf6 2. Nf3 c5 3. d5 d6 4. Nc3 a6 5. a4 e5 6. Nd2 Be7 7. e4 Nbd7 8. Be2
O-O 9. O-O Ne8 10. Nc4 Nb6 11. Ne3 g6 12. Ra3 Bd7 13. a5 Nc8 14. Rb3 b5 15.
axb6 Nxb6 16. Bg4 f5 17. Bh3 Ng7 18. f4 exf4 19. Rxf4 Bg5 20. Rf3 Bxe3+ 21.
Bxe3 Nc4 22. Bh6 Ne5 23. Rf2 c4 24. Ra3 Qb6 25. Qc1 fxe4 26. Be3 Qb7 27. Bxd7
Qxd7 28. h3 Nf5 29. Nxe4 Qb7 30. Bg5 Qa7 31. Be3 Qb7 32. Bg5 Qa7 33. Be3 Qb7
1/2-1/2